书目信息 |
| 题名: |
流体力学基础
|
|
| 作者: | ;清华大学工程力学系 编 | |
| 分册: | 上册 | |
| 出版信息: | 北京 机械工业出版社 1980-1982 |
|
| 页数: | 323页 | |
| 开本: | 25cm | |
| 丛书名: | ||
| 单 册: | ||
| 中图分类: | O35 | |
| 科图分类: | ||
| 主题词: | 流体力学--高等学校--教材 | |
| 电子资源: | ||
| ISBN: | ||
| 000 | 00718nam0 2200253 45 | |
| 001 | 0180005398 | |
| 005 | 20040518110639.5 | |
| 010 | @dCNY2.20 | |
| 091 | @a15033.5025 | |
| 100 | @a19950516f19801982em y0chiy0121 ea | |
| 101 | 0 | @achi |
| 102 | @aCN@b110000 | |
| 105 | @ay z 000yy | |
| 106 | @ar | |
| 200 | 10 | @a流体力学基础@h上册@Aliu ti li xue ji chu@f清华大学工程力学系编 |
| 210 | @a北京@c机械工业出版社@d1980-1982 | |
| 215 | @a323页@d25cm | |
| 300 | @a高等学校试用教材 | |
| 606 | @a流体力学@x高等学校@x教材 | |
| 690 | @aO35@v3 | |
| 711 | 02 | @a清华大学工程力学系@Aqing hua da xue gong cheng li xue xi@4编 |
| 801 | 0 | @aCN@b上海图书馆@c20040518 |
| 801 | 2 | @aCN@bNLC@c20040518 |
| 905 | @f1@b121255@dO35@e16:1 | |
| 流体力学基础.上册/清华大学工程力学系编.-北京:机械工业出版社,1980-1982 |
| 323页;25cm |
| 高等学校试用教材 |
| ISBN :CNY2.20 |
| ● |
| 相关链接 |
|
|
|
|
正题名:流体力学基础
索取号:O35/16:1
 
预约/预借
| 序号 | 登录号 | 条形码 | 馆藏地/架位号 | 状态 | 备注 |
| 1 | 0121255 | 000386193 | 第三借阅区/ [索取号:O35/16:1] | 在馆 | |
| 2 | 0121256 | 202093803 | 第二样本阅览室/ [索取号:O35/16:1] | 在馆 |